Vista normal Vista MARC

Entrada Personal Name

Número de registros utilizados en: 7

001 - CONTROL NUMBER

  • control field: 48

003 - CONTROL NUMBER IDENTIFIER

  • control field: DO-SdBNP

005 - DATE AND TIME OF LATEST TRANSACTION

  • control field: 20161115094816.0

008 - FIXED-LENGTH DATA ELEMENTS

  • fixed length control field: 161115|| aca||aabn | a|a d

040 ## - CATALOGING SOURCE

  • Original cataloging agency: DO-SdBNP

100 1# - HEADING--PERSONAL NAME

  • Personal name: Sierra i Fabra, Jordi,
  • Dates associated with a name: 1947-

670 ## - SOURCE DATA FOUND

  • Source citation: El niño que vivía en las estrellas, 2011
  • Information found: tomado de la portada

670 ## - SOURCE DATA FOUND

  • Source citation: Jordi Sierra i Fabra
  • Uniform Resource Identifier: http://www.quien.net/jordi-sierra-i-fabra.php